| 000 | 00867nac a2200277 i 4500 | ||
|---|---|---|---|
| 003 | EG-GICUC | ||
| 005 | 20260121101509.0 | ||
| 008 | 251216b2004 ua ||||fr|||| 00| 0 eng d | ||
| 040 |
_aEG-GiCUC _beng _cEG-GiCUC _dEG-GiCUC _erda |
||
| 082 | 0 | 4 |
_221 _a343.1062 |
| 092 | 0 | 4 | _221 |
| 099 | _aLaw 10 2004 | ||
| 100 | 1 | _aBelal, Ahmed. | |
| 245 | 1 | 0 |
_aPrinciples of Egyptian criminal law : _bThe general part / _cDr. Ahmed Belal. |
| 250 | _a1st edition. | ||
| 264 |
_aAlexandria : _bDar el gamaa el gidida, _c2004. |
||
| 300 |
_a373 pages ; _c25 cm |
||
| 336 |
_2rda content _atext |
||
| 337 |
_2rda media _aComputer |
||
| 338 |
_2rda carrier _aOnline Resource |
||
| 500 | _aBook1 : The theory of criminal offences | ||
| 650 | 1 | 0 |
_aCriminal law _zEgypt |
| 856 | 4 | 0 | _uhttps://fll.law.cu.edu.eg/fulltext/bks/ENGB10-00049.pdf |
| 905 | _a10 | ||
| 942 |
_2ddc _cBK _e21 _n0 |
||
| 999 |
_c50801 _d50801 |
||